[Event "Naumburg Osteropen 9th"]
[Site "Naumburg Saale"]
[Date "2014.04.20"]
[Round "4.12"]
[White "Schrader, Torsten"]
[Black "Moellmann, Hans Joachim"]
[Result "0-1"]
[WhiteElo "1524"]
[BlackElo "1846"]
[PlyCount "32"]
[EventDate "2014.04.19"]
[EventType "swiss"]
[EventRounds "5"]
[EventCountry "GER"]
[SourceTitle "EXT 2020"]
[Source "ChessBase"]
[SourceDate "2019.10.17"]
[SourceVersion "1"]
[SourceVersionDate "2019.10.17"]
[SourceQuality "1"]

1. e4 c5 2. Nc3 d6 3. Bc4 Nf6 4. d3 e6 5. Bg5 Be7 6. f4 Nc6 7. h3 a6 8. a3 b5 9. Ba2 h6 10. Bh4 Nxe4 11. Bxe7 Nxc3 12. Qf3 Qd7 13. bxc3 Kxe7 14. Kd2 Re8 15. Qg3 Kf8 16. Ne2 d5 0-1